| 000 | 00431nam a2200145 a 4500 | ||
|---|---|---|---|
| 001 | 4709 | ||
| 003 | CDMR | ||
| 005 | 20151102140003.0 | ||
| 008 | 130130s1992||||||||||||||||||||||||||||d | ||
| 040 |
_aCDMR _bcat _cCDMR |
||
| 110 | 2 |
_952 _aCol·legi de Periodistes de Catalunya _b -- Demarcació de Lleida |
|
| 245 | 0 | _aGuia de la comunicació, Lleida 1992 | |
| 260 |
_aLleida _c1992 _bCol.legi de Periodistes de Catalunya |
||
| 942 |
_cMON _2udc |
||
| 999 |
_c4709 _d4709 |
||